000 00284nam a22001337a 4500
008 180904b xxu||||| |||| 00| 0 eng d
020 _a9780702044991
041 _aeng
080 _a610
100 _a4
101 _aSHM
245 _aClinical Medicine
_cKumar, P
942 _2udc
_cBK
999 _c47503
_d47503